The American Family (Record no. 24194)

000 -LEADER
fixed length control field 00183nam a22000737a 4500
003 - CONTROL NUMBER IDENTIFIER
control field Nust
005 - DATE AND TIME OF LATEST TRANSACTION
control field 20170526165031.0
008 - FIXED-LENGTH DATA ELEMENTS--GENERAL INFORMATION
fixed length control field 140509b xxu||||| |||| 00| 0 eng d
020 ## - INTERNATIONAL STANDARD BOOK NUMBER
Terms of availability Available
040 ## - CATALOGING SOURCE
Original cataloging agency DLC
Language of cataloging DLC
Transcribing agency RCMS
082 ## - DEWEY DECIMAL CLASSIFICATION NUMBER
Classification number 301.420973 ADA
100 ## - MAIN ENTRY--PERSONAL NAME
Personal name Adams, Bert N.
9 (RLIN) 1478
245 ## - TITLE STATEMENT
Title The American Family
Statement of responsibility, etc. Bert N, Adams
Remainder of title :a sociological interpretation
260 ## - PUBLICATION, DISTRIBUTION, ETC.
Place of publication, distribution, etc. Islamabad:
Name of publisher, distributor, etc. National Book Foundation,
Date of publication, distribution, etc. c1971.
300 ## - PHYSICAL DESCRIPTION
Extent xv, 382 p.
Other physical details ill.
Dimensions 24 cm.
500 ## - GENERAL NOTE
General note Includes Index
538 ## - SYSTEM DETAILS NOTE
Display text Shelf # 13, Row # 3, Fiction.
650 ## - SUBJECT ADDED ENTRY--TOPICAL TERM
Topical term or geographic name entry element Family --United States.
9 (RLIN) 1479
856 ## - ELECTRONIC LOCATION AND ACCESS
Materials specified Table of Content Only
942 ## - ADDED ENTRY ELEMENTS (KOHA)
Source of classification or shelving scheme
Koha item type Fiction
Holdings
Withdrawn status Lost status Source of classification or shelving scheme Damaged status Not for loan Collection code Permanent Location Current Location Shelving location Date acquired Total Checkouts Full call number Barcode Date last seen Price effective from Koha item type
            School of Interdisciplinary Engineering and Sciences (SINES) School of Interdisciplinary Engineering and Sciences (SINES) Fiction 05/09/2014   301.42ADA RCMS000935 05/09/2014 05/09/2014 Fiction
            School of Interdisciplinary Engineering and Sciences (SINES) School of Interdisciplinary Engineering and Sciences (SINES) Fiction 05/09/2014   301.42ADA RCMS000936 05/09/2014 05/09/2014 Fiction
© 2023 Central Library, National University of Sciences and Technology. All Rights Reserved.